000 00520nam a2200169Ia 4500
008 240729s9999 xx 000 0 und d
022 _a2514-3255
245 0 _aIET Nanodielectrics
260 _aUnited Kingdom
260 _bWiley
650 _a Electrical engineering. Electronics. Nuclear engineering
650 _a Materials of engineering and construction. Mechanics of materials
650 _aTechnology
856 _uhttps://doaj.org/toc/806187a94ed6406abe2e4b4a5793a304
942 _2ddc
942 _cDOAJEJ
999 _c72562
_d72562
945 _a1
_bMadushi Gamage
_c1
_dMadushi Gamage